17 रानडे रोड (Record no. 299381)
[ view plain ]
| 000 -LEADER | |
|---|---|
| fixed length control field | 03919nam a2200289Ia 4500 |
| 003 - CONTROL NUMBER IDENTIFIER | |
| control field | OSt |
| 005 - DATE AND TIME OF LATEST TRANSACTION | |
| control field | 20220924131000.0 |
| 008 - FIXED-LENGTH DATA ELEMENTS--GENERAL INFORMATION | |
| fixed length control field | 220922b |||||||| |||| 00| 0 hin d |
| 020 ## - INTERNATIONAL STANDARD BOOK NUMBER | |
| International Standard Book Number | 9789326351904 (hbk) |
| 037 ## - SOURCE OF ACQUISITION | |
| Terms of availability | Textual |
| 040 ## - CATALOGING SOURCE | |
| Original cataloging agency | ARTS |
| Transcribing agency | ARTS |
| Language of cataloging | hin |
| 041 ## - LANGUAGE CODE | |
| Source of code | hin |
| Language code of text/sound track or separate title | hin |
| 100 ## - MAIN ENTRY--PERSONAL NAME | |
| Personal name | कालिया, रवीन्द्र |
| 9 (RLIN) | 156292 |
| 245 #0 - TITLE STATEMENT | |
| Title | 17 रानडे रोड |
| 246 ## - VARYING FORM OF TITLE | |
| Title proper/short title | 17 rānaḍe roḍa |
| 260 ## - PUBLICATION, DISTRIBUTION, ETC. | |
| Place of publication, distribution, etc. | दिल्ली |
| Name of publisher, distributor, etc. | भारतीय ज्ञानपीठ |
| Date of publication, distribution, etc. | 2013 |
| 300 ## - PHYSICAL DESCRIPTION | |
| Extent | 304पृ. |
| Dimensions | cm. |
| 490 ## - SERIES STATEMENT | |
| Series statement | लोकोदय ग्रन्थमाला; ग्रन्थांक 1021 |
| 505 ## - FORMATTED CONTENTS NOTE | |
| Formatted contents note | ‘17 रानडे रोड’ कथाकार-सम्पादक रवीन्द्र कालिया का ‘ख़ुदा सही सलामत है’ और ‘एबीसीडी’ के बाद तीसरा उपन्यास है। यह उपन्यास पाठकों को बम्बई (अब मुम्बई) के ग्लैमर वर्ल्ड के उस नये इलाके में ले जाता है, जिसे अब तक ऊपर-ऊपर से छुआ तो बहुतों ने, लेकिन उसके सातवें ताले की चाबी जैसे रवीन्द्र कालिया के पास ही थी। पढ़ते हुए इसमें कई जाने-सुने चेहरे मिलेंगे— जिन्हें पाठकों ने सेवंटी एमएम स्क्रीन पर देखा और पेज थ्री के रंगीन पन्नों पर पढ़ा होगा। यहाँ लेखक उन चेहरों पर अपना कैमरा ज़ूम-इन करता है जहाँ चिकने फेशियल की परतें उतरती हैं और (बकौल लेखक ही) एक ‘दाग-दाग़ उजाला’ दिखने लगता है।<br/><br/>‘ग़ालिब छुटी शराब’ की रवानगी यहाँ अपने उरूज़ पर है। भाषा में विट का बेहतरीन प्रयोग रवीन्द्र कालिया की विशिष्टता है। कई बार एक अदद जुमले के सहारे वे ऐसी बात कह जाते हैं जिन्हें गम्भीर कलम तीन-चार पन्नों में भी नहीं आँक पाती। लेकिन इस बिना पर रवीन्द्र कालिया को समझना उसी प्रकार कठिन है जैसे ‘ग़ालिब छुटी शराब’ के मूड को चीज़ों के सरलीकरण के अभ्यस्त लोग नहीं समझ पाते। मेरे तईं ‘ग़ालिब…’ रवीन्द्र कालिया की अब तक की सबसे ट्रैजिक रचना थी। दरअसल रवीन्द्र कालिया हमेशा एक उदास टेक्स्चर को एक आह्लादपरक जेस्चर की मार्फत उद्घाटित करते हैं। |
| 650 ## - SUBJECT ADDED ENTRY--TOPICAL TERM | |
| Topical term or geographic name entry element | हिन्दी साहित्य |
| 9 (RLIN) | 156264 |
| 942 ## - ADDED ENTRY ELEMENTS (KOHA) | |
| Classification part | O152,3N383,SR, Q3 |
| Koha item type | Textual |
| Source of classification or shelving scheme | Colon Classification (CC) |
| Withdrawn status | Lost status | Damaged status | Not for loan | Home library | Current library | Date acquired | Source of acquisition | Cost, normal purchase price | Total Checkouts | Full call number | Barcode | Date last seen | Cost, replacement price | Price effective from | Koha item type |
|---|---|---|---|---|---|---|---|---|---|---|---|---|---|---|---|
| Arts Library | Arts Library | 2022-09-23 | 251, 24/10/2013, Swaraj Prakashan | 600.00 | O152,3N383,SR Q3 | AL1569382 | 2022-09-23 | 600.00 | 2022-09-23 | Textual | |||||
| Arts Library | Arts Library | 2022-09-23 | 251, 24/10/2013, Swaraj Prakashan | 600.00 | O152,3N383,SR Q3 | AL1569383 | 2022-09-23 | 600.00 | 2022-09-23 | Textual |
